Las reglas del futbol aplicada a la interpretación tributaria (Registro nro. 20710)

Detalles MARC
000 -LEADER
fixed length control field 00413 a2200133 4500
001 - CONTROL NUMBER
control field ART_62959
005 - DATE AND TIME OF LATEST TRANSACTION
control field 20260410161802.0
008 - FIXED-LENGTH DATA ELEMENTS--GENERAL INFORMATION
fixed length control field 260409a
100 1# - MAIN ENTRY--PERSONAL NAME
Personal name Gotlib, Gabriel
245 10 - TITLE STATEMENT
Title Las reglas del futbol aplicada a la interpretación tributaria
700 1# - ADDED ENTRY--PERSONAL NAME
Personal name Vaquero, Fernando M.
700 1# - ADDED ENTRY--PERSONAL NAME
Personal name Mazzilli, Santiago T.
773 0# - HOST ITEM ENTRY
Title Doctrina tributaria
Related parts - Nº 545 (ago. 2025)
Record control number REV4296

No hay ítems disponibles.